00308nam a2200133Ia 45000030006000000080041000060400015000471000017000622450039000792500010001182600017001285460012001450050017001570STCL150530s9999 xx 000 0 und d aSTCLcSTCL aRamsey, A.S. aTreatise on hydromechanics part II aFirst bG.Bellc1960 aEnglish20220125170018.0